Distribution par images - Au revoir là-haut - Statistiques

Statistiques générales
  • Ce quiz a été pris 18 fois
  • Le résultat moyen est 5 sur 9
Statistiques - réponses
Par images Hint Réponse % Correct
Henri d'Aulnay-Pradelle Laurent Lafitte
94%
Albert Maillard Albert Dupontel
81%
Maurice Péricourt Niels Arestrup
75%
Dupré Kyan Khojandi
63%
Madeleine Péricourt Emilie Dequenne
50%
Pauline Mélanie Thierry
50%
Joseph Merlin Michel Vuillermoz
31%
Édouard Péricourt Nahuel Pérez Biscayart
13%
Labourdin Philippe Uchan
13%
Aucun quiz correspondant
Distribution des résultats
% des personnes avec chaque résultat
Percentile par nombre de réponses
Votre historique - résultats
Vous n’avez pas pris ce quiz